| 000 | 00377nam a2200133 a 4500 | ||
|---|---|---|---|
| 005 | 20141022142001.0 | ||
| 008 | 100916s19uu xx 00 eng d | ||
| 050 |
_aDVD _bW11 2004 |
||
| 245 |
_aWar of the century when Hitler fought Stalin: _bhigh hopes spiral of terror. |
||
| 260 |
_bBBC, _c2004. |
||
| 650 | _aDVD | ||
| 650 | _aHistory-fiction; motion picture | ||
| 942 | _cAVM | ||
| 999 |
_c276275 _d276275 |
||